[Event "Summer Prague Open 2025 - A"]
[Site "Olympik hotel, Sokolovska 138, Praha"]
[Date "2025.08.12"]
[Round "5"]
[Board "12"]
[White "De La Torre, Igor"]
[Black "Zvolensky, David"]
[Result "0-1"]
[WhiteElo "2038"]
[BlackElo "2154"]
[PlyCount "0"]
[EventDate "2025.08.08"]
[EventRounds "9"]
[EventCountry "CZE"]

1. e4 c5 2. Nf3 Nc6 3. Bb5 g6 4. Bxc6 dxc6 5. O-O Bg7 6. d3 Nf6 7. h3 O-O 8. a4 h6
9. Be3 c4 10. Qc1 cxd3 11. cxd3 Qxd3 12. e5 Nd5 13. Bxh6 Qf5 14. Re1 Qh5 15. Bxg7
Kxg7 16. Re4 Qh6 17. Qe1 g5 18. Ra3 Bf5 19. Nbd2 Rg8 20. Rd4 Nf4 21. Nxg5 Kf8 22.
Rg3 Nxg2 23. Kxg2 Rxg5 24. h4 Rh5 25. f3 c5 26. Rc4 Rd8 27. Nf1 Rd5 28. b4 Rxe5 29.
Qd1 Bg6 30. Rxc5 Rxc5 31. bxc5 Rxh4 32. Qd8+ Kg7 33. Qxe7 Rxa4 34. Qe5+ Kh7 35. Qf6
Ra2+ 36. Kg1 Rc2 37. Qe5 Qh5 38. Qxh5+ Bxh5 39. Rg5 Bxf3 40. Ne3 Rc1+ 41. Kf2 Be4
42. Ng4 Bg6  0-1

[Event "Summer Prague Open 2025 - A"]
[Site "Olympik hotel, Sokolovska 138, Praha"]
[Date "2025.08.12"]
[Round "5"]
[Board "13"]
[White "Lihotsky, Lukas"]
[Black "Giraldi, Edoardo"]
[Result "1/2-1/2"]
[WhiteElo "2153"]
[BlackElo "2038"]
[PlyCount "0"]
[EventDate "2025.08.08"]
[EventRounds "9"]
[EventCountry "CZE"]

1. d4 d5 2. c4 dxc4 3. e4 Nf6 4. e5 Nd5 5. Bxc4 Bf5 6. a3 e6 7. Ne2 Nc6 8. Nbc3 Nb6
9. Bb3 Qd7 10. Be3 O-O-O 11. Rc1 Kb8 12. Na4 Nd5 13. Nc5 Bxc5 14. Rxc5 Nxe3 15. fxe3
Ne7 16. Ba4 Qc8 17. O-O Nd5 18. e4 Bxe4 19. Rxf7 Rhf8 20. Rxf8 Rxf8 21. Qd2 Nb6 22.
Bb3 Qd7 23. Rc1 Rd8 24. Rf1 a6 25. Qe3 Bd5 26. Bxd5 Nxd5 27. Qg5 Rc8 28. h3  1/2-1/2

[Event "Summer Prague Open 2025 - A"]
[Site "Olympik hotel, Sokolovska 138, Praha"]
[Date "2025.08.12"]
[Round "5"]
[Board "14"]
[White "Olsen, Aage Dalstrup"]
[Black "Grochol, Kamil"]
[Result "0-1"]
[WhiteElo "1986"]
[BlackElo "2150"]
[PlyCount "0"]
[EventDate "2025.08.08"]
[EventRounds "9"]
[EventCountry "CZE"]

1. e4 c5 2. d4 cxd4 3. c3 Nf6 4. e5 Nd5 5. cxd4 d6 6. Nf3 Nc6 7. Nc3 dxe5 8. dxe5
Nxc3 9. Qxd8+ Nxd8 10. bxc3 Bd7 11. Be3 Nc6 12. h3 e6 13. Be2 Be7 14. O-O O-O 15.
Rfd1 Rfd8 16. Rab1 b6 17. Rd2 Be8 18. Rbd1 Rxd2 19. Rxd2 Rc8 20. Ba6 Rc7 21. Bb5
Kf8 22. Bd3 h6 23. Be4 Na5 24. Bd4 Nc4 25. Re2 Bc6 26. Bxc6 Rxc6 27. Nd2 Nxd2 28.
Rxd2 Bc5 29. f4 Bxd4+ 30. cxd4 Rc3 31. Kf2 Ke7 32. Ke2 Rg3 33. Kf2 Ra3 34. Ke2 Kd7
35. Rc2 f5 36. Kf2 Rd3  0-1

[Event "Summer Prague Open 2025 - A"]
[Site "Olympik hotel, Sokolovska 138, Praha"]
[Date "2025.08.12"]
[Round "5"]
[Board "15"]
[White "Wagner, Julian"]
[Black "Mylonas, Konstantinos"]
[Result "1-0"]
[WhiteElo "2134"]
[BlackElo "1974"]
[PlyCount "0"]
[EventDate "2025.08.08"]
[EventRounds "9"]
[EventCountry "CZE"]

1. d4 d5 2. c4 e6 3. Nf3 Nf6 4. g3 Be7 5. Bg2 O-O 6. O-O c6 7. Nbd2 b6 8. Qc2 Bb7
9. e4 Na6 10. a3 c5 11. exd5 exd5 12. dxc5 Nxc5 13. b4 Ne6 14. Bb2 a5 15. Rab1 axb4
16. axb4 Rc8 17. Ne5 Qc7 18. Qb3 dxc4 19. Ndxc4 Bxg2 20. Kxg2 Qb7+ 21. f3 Nd5 22.
Rbd1 Rfd8 23. b5 Nf6 24. Rxd8+ Rxd8 25. Nxf7 Kxf7 26. Ne5+ Kf8 27. Qxe6 Qd5 28. Qxb6
Rc8 29. Nc6 Bc5 30. Qa5 Re8 31. Re1 Rxe1 32. Qxe1 Ng4 33. Bd4 Bd6 34. Qa5 Nf6 35.
Bf2 Ne8 36. Nd4 Nc7 37. Qb6 Be5 38. Qc6 Qxc6 39. Nxc6 Bd6 40. b6 Na6 41. b7 Nb8 42.
Nxb8 Bxb8 43. g4  1-0

[Event "Summer Prague Open 2025 - A"]
[Site "Olympik hotel, Sokolovska 138, Praha"]
[Date "2025.08.12"]
[Round "5"]
[Board "16"]
[White "Nilsson, Patrik 1968"]
[Black "Davidek, Zdenek"]
[Result "1/2-1/2"]
[WhiteElo "1967"]
[BlackElo "2122"]
[PlyCount "0"]
[EventDate "2025.08.08"]
[EventRounds "9"]
[EventCountry "CZE"]

1. e4 e5 2. Nf3 Nc6 3. d4 exd4 4. Bc4 Nf6 5. e5 d5 6. Bb5 Nd7 7. O-O Be7 8. Bxc6
bxc6 9. Nxd4 Nb8 10. c4 dxc4 11. Nc3 O-O 12. Be3 c5 13. Ndb5 Nc6 14. Qf3 Bd7 15.
Qg3 Bh4 16. Qf4 Nd4 17. Nxd4 cxd4 18. Qxd4 Bf5 19. Rfd1 Bd3 20. Qg4 f5 21. exf6 Bxf6
22. Rac1 Qc8 23. Qxc8 Raxc8 24. b3 Rfd8 25. bxc4 Bxc4 26. Rxd8+ Rxd8 27. h3 Rd3 28.
Ne4 Be5 29. Bxa7 Bd5 30. f3 Bxa2 31. Bf2 Bd5 32. Bg3 Bxg3 33. Nxg3 c6 34. Ne2 g5
35. Nc3 Kf7 36. Nxd5 cxd5 37. Rc7+ Kg6 38. Rd7 h5 39. Kf1 Rd2 40. Rd8 Kf5 41. Rf8+
Ke5 42. h4 gxh4 43. Rh8 Rd1+ 44. Ke2 Rh1 45. Kd3 Rh2 46. Rxh5+ Kf4 47. Rxd5 Rxg2
48. Rd4+ Kg3 49. Rg4+ Kh3 50. Ke3 Rxg4 51. fxg4 Kxg4 52. Kf2 h3 53. Kg1 Kg3 54. Kh1
h2  1/2-1/2

[Event "Summer Prague Open 2025 - A"]
[Site "Olympik hotel, Sokolovska 138, Praha"]
[Date "2025.08.12"]
[Round "5"]
[Board "17"]
[White "Horacek, Michal"]
[Black "Hozda, Max"]
[Result "0-1"]
[WhiteElo "2115"]
[BlackElo "1963"]
[PlyCount "0"]
[EventDate "2025.08.08"]
[EventRounds "9"]
[EventCountry "CZE"]

1. Nc3 d5 2. e4 d4 3. Nce2 e5 4. d3 Be6 5. f4 f6 6. Nf3 Nd7 7. fxe5 fxe5 8. Ng5 Bg4
9. h3 Be7 10. hxg4 Bxg5 11. Rh5 Bxc1 12. Nxc1 g6 13. Rh3 Qg5 14. Be2 Nh6 15. Qd2
Qxd2+ 16. Kxd2 Nf7 17. Nb3 Ng5 18. Rhh1 b6 19. Raf1 Ke7 20. Ke1 Rhf8 21. Nd2 Rxf1+
22. Rxf1 Rf8 23. Bd1 Rxf1+ 24. Kxf1 c5 25. c3 b5 26. Bb3 Nf6 27. cxd4 exd4 28. Nf3
Nxf3 29. gxf3 g5 30. Kf2 h6 31. Kg3 Nd7 32. f4 gxf4+ 33. Kxf4 Kf6 34. a4 Ne5 35.
Bc2 bxa4 36. Bb1 a6 37. Bc2 a5 38. Bb1 Ng6+ 39. Kg3 Kg5  0-1

[Event "Summer Prague Open 2025 - A"]
[Site "Olympik hotel, Sokolovska 138, Praha"]
[Date "2025.08.12"]
[Round "5"]
[Board "18"]
[White "Dobrovolsky, Ladislav"]
[Black "Mamyrov, Beybarys"]
[Result "1/2-1/2"]
[WhiteElo "2103"]
[BlackElo "1960"]
[PlyCount "0"]
[EventDate "2025.08.08"]
[EventRounds "9"]
[EventCountry "CZE"]

1. Nf3 d5 2. d4 c5 3. c4 e6 4. e3 Nf6 5. Nc3 Nc6 6. a3 a6 7. dxc5 Bxc5 8. b4 Bd6
9. Bb2 O-O 10. cxd5 exd5 11. Be2 Bg4 12. O-O Rc8 13. g3 Bb8 14. Rc1 Re8 15. Na4 Qe7
16. Nc5 Ne4 17. Nd4 Bh3 18. Bg4 Bxg4 19. Qxg4 Ne5 20. Qe2 g6 21. Ndb3 Nc4 22. Nxe4
Qxe4 23. Rfd1 Ba7 24. Nd2 Qe6 25. Nxc4 dxc4 26. Qd2 Bb8 27. Qd7 Qxd7 28. Rxd7 b5
29. Kf1 Red8 30. Rcd1 Rxd7 31. Rxd7 c3 32. Bc1 Kf8 33. Ke2 Ke8 34. Rd4 f5 35. f4
Ke7 36. Kd1 Ba7 37. Rd3 c2+ 38. Kd2 Ke6 39. Bb2 Bb6 40. Bc3 Rd8 41. Kxc2 Rxd3 42.
Kxd3 Kd5  1/2-1/2

[Event "Summer Prague Open 2025 - A"]
[Site "Olympik hotel, Sokolovska 138, Praha"]
[Date "2025.08.12"]
[Round "5"]
[Board "19"]
[White "Taborsky, Rostislav"]
[Black "Cuthbert, Michael"]
[Result "0-1"]
[WhiteElo "2093"]
[BlackElo "1901"]
[PlyCount "0"]
[EventDate "2025.08.08"]
[EventRounds "9"]
[EventCountry "CZE"]

1. d4 d5 2. c4 e6 3. Nf3 Nf6 4. Nc3 Be7 5. Bf4 O-O 6. e3 c5 7. dxc5 Bxc5 8. Qc2 Nc6
9. a3 Qa5 10. Rd1 Re8 11. Nd2 e5 12. Bg5 Nd4 13. Qb1 Bf5 14. Bd3 Bxd3 15. Qxd3 Ne4
16. Ncxe4 dxe4 17. Qxe4 Qb6 18. b4 Bf8 19. Qd3 Ne6 20. Bh4 a5 21. c5 Qc6 22. O-O
axb4 23. axb4 Ra4 24. Rb1 Nxc5 25. bxc5 Rxh4 26. Rb6 Qc7 27. Qb3 Re7 28. Ra1 Rd7
29. g3 Rg4 30. c6 Rg6 31. Rxb7 Qxc6 32. Rb8 Rxd2 33. Raa8 Qc1+ 34. Kg2 Rxf2+ 35.
Kxf2 Rf6+ 36. Ke2 Qf1+ 37. Kd2 Rd6+ 38. Kc2 Qd1+ 39. Kc3 Rc6+ 40. Kb2 Qd2+ 41. Ka1
Rc1+ 42. Qb1 Rxb1+ 43. Kxb1 Qd6 44. Kc2 f5 45. Kc3 Kf7 46. Rxf8+ Qxf8 47. Rxf8+ Kxf8
48. Kc4 Ke7 49. Kd5 Kf6 50. h4 g6 51. Kd6 f4 52. gxf4 exf4 53. e4 f3 54. e5+ Kf7
 0-1

[Event "Summer Prague Open 2025 - A"]
[Site "Olympik hotel, Sokolovska 138, Praha"]
[Date "2025.08.12"]
[Round "5"]
[Board "20"]
[White "Plasil, Petr"]
[Black "Toman, Ondrej"]
[Result "0-1"]
[WhiteElo "1952"]
[BlackElo "2311"]
[PlyCount "0"]
[EventDate "2025.08.08"]
[EventRounds "9"]
[EventCountry "CZE"]

1. d4 Nf6 2. c4 e6 3. Nf3 d5 4. Nc3 Bb4 5. Bg5 dxc4 6. e4 c5 7. e5 cxd4 8. exf6 gxf6
9. Bh4 Nc6 10. Nxd4 Nxd4 11. Bxc4 Be7 12. Bg3 a6 13. O-O b5 14. Bd3 Bb7 15. Rc1 Rc8
16. Re1 b4 17. Be4 Bxe4 18. Nxe4 Rxc1 19. Qxc1 O-O 20. Qc4 Nf5 21. Qxa6 Qd5 22. b3
Rd8 23. Qe2 Qd3 24. h3 Qxe2 25. Rxe2 Rd1+ 26. Kh2 Nd4 27. Rb2 f5 28. Bd6 Kf8 29.
Bxe7+ Kxe7 30. Nc5 e5 31. Na6 Nc6 32. Rc2 Kd6 33. Nc5 Rd5 34. Na4 f4 35. Nb6 Rd4
36. Nc8+ Kd7 37. Nb6+ Kc7 38. Nc4 Rd5 39. g3 fxg3+ 40. Kxg3 Rd3+ 41. Kg4 f6 42. Ne3
Kd7 43. Nf5 Nd4 44. Rc4 h5+ 45. Kxh5 Nxf5 46. Rxb4 Rxh3+ 47. Kg6 Ke6 48. Rb6+ Nd6
49. a4 Rh2 50. f3 Rg2+ 51. Kh5 Ke7 52. a5 Nf5 53. a6 Rg5#  0-1

[Event "Summer Prague Open 2025 - A"]
[Site "Olympik hotel, Sokolovska 138, Praha"]
[Date "2025.08.12"]
[Round "5"]
[Board "21"]
[White "Flasik, Radoslav"]
[Black "Cabela, Filip"]
[Result "1-0"]
[WhiteElo "2143"]
[BlackElo "2000"]
[PlyCount "0"]
[EventDate "2025.08.08"]
[EventRounds "9"]
[EventCountry "CZE"]

1. d4 Nf6 2. Nf3 e6 3. g3 d5 4. c4 Be7 5. Bg2 O-O 6. O-O dxc4 7. Qc2 b6 8. Bg5 Nd5
9. Bxe7 Qxe7 10. a3 Ba6 11. Nbd2 c3 12. bxc3 Bxe2 13. Rfe1 Ba6 14. h4 h6 15. c4 Nf6
16. d5 Qc5 17. dxe6 Ng4 18. exf7+ Rxf7 19. Re8+ Rf8 20. Rxf8+ Kxf8 21. Nb3 Qh5 22.
Qe4 c6 23. Rd1 Nf6 24. Rd8+ Ne8 25. Ne5  1-0

[Event "Summer Prague Open 2025 - A"]
[Site "Olympik hotel, Sokolovska 138, Praha"]
[Date "2025.08.12"]
[Round "5"]
[Board "22"]
[White "Fogel, Pierre"]
[Black "Smilek, Petr"]
[Result "0-1"]
[WhiteElo "2103"]
[BlackElo "1980"]
[PlyCount "0"]
[EventDate "2025.08.08"]
[EventRounds "9"]
[EventCountry "CZE"]

1. c4 Nf6 2. Nf3 g6 3. Nc3 Bg7 4. e4 e5 5. Nxe5 O-O 6. Be2 Re8 7. d4 d6 8. Nf3 Nxe4
9. Nxe4 Rxe4 10. Be3 Nc6 11. Qd2 Qe8 12. Rd1 a5 13. Bd3 Re7 14. O-O Nb4 15. Bb1 Bg4
16. Rfe1 Bxf3 17. gxf3 Qd7 18. Bg5 Rxe1+ 19. Rxe1 Nc6 20. Be3 Re8 21. Rd1 b6 22.
Be4 Ne7 23. d5 Nf5 24. Bxf5 Qxf5 25. Kg2 h5 26. Bd4 Bxd4 27. Qxd4 Re2 28. h4 Qc2
29. b3 Qxa2 30. Qf6 Rxf2+ 31. Kg3 Rg2+ 32. Kf4 Qe2 33. Rd4 Rg1  0-1

[Event "Summer Prague Open 2025 - A"]
[Site "Olympik hotel, Sokolovska 138, Praha"]
[Date "2025.08.12"]
[Round "5"]
[Board "23"]
[White "Vos, Rik"]
[Black "Kala, Jakub"]
[Result "1/2-1/2"]
[WhiteElo "2060"]
[BlackElo "1948"]
[PlyCount "0"]
[EventDate "2025.08.08"]
[EventRounds "9"]
[EventCountry "CZE"]

1. d4 d5 2. c4 e6 3. Nf3 Nf6 4. g3 Be7 5. Bg2 O-O 6. O-O dxc4 7. Ne5 Nc6 8. Nxc6
bxc6 9. Na3 Bxa3 10. bxa3 Nd5 11. Qa4 Nb6 12. Qxc6 Rb8 13. Qc5 Bb7 14. Bxb7 Rxb7
15. Bd2 Qd5 16. Rab1 Rd8 17. Bc3 c6 18. f3 Rdd7 19. Rfc1 h5 20. Rb4 Qxc5 21. dxc5
Nd5 22. Rxb7 Rxb7 23. Bd4 c3 24. e4 Nc7 25. Bxc3 Nb5 26. Bb2 Rd7 27. a4 Nd4 28. Kf2
Nb3 29. axb3 Rd2+ 30. Ke3 Rxb2 31. Rc3 a5 32. h4 Kf8 33. Rd3 Ke7 34. f4 f6 35. Kd4
Rc2 36. Rc3 Rd2+ 37. Rd3 e5+ 38. fxe5 fxe5+ 39. Kc3 Rxd3+ 40. Kxd3 Kd7 41. b4 axb4
42. Kc4 Kc7 43. Kxb4 Kb7  1/2-1/2

[Event "Summer Prague Open 2025 - A"]
[Site "Olympik hotel, Sokolovska 138, Praha"]
[Date "2025.08.12"]
[Round "5"]
[Board "24"]
[White "Sokolovsky, Jakub"]
[Black "Bohatyrov, Mykola"]
[Result "1-0"]
[WhiteElo "2051"]
[BlackElo "1942"]
[PlyCount "0"]
[EventDate "2025.08.08"]
[EventRounds "9"]
[EventCountry "CZE"]

1. e4 c5 2. Nf3 Nc6 3. d4 cxd4 4. Nxd4 g6 5. Be3 Nf6 6. Nc3 Bg7 7. Bc4 O-O 8. Bb3
Re8 9. h3 e6 10. O-O d5 11. exd5 Nxd5 12. Nxd5 exd5 13. c3 Be6 14. Qd2 Nxd4 15. Bxd4
Qh4 16. Bxg7 Kxg7 17. Rad1 Red8 18. Rfe1 b5 19. Re3 Rd7 20. Rd3 Rad8 21. Qe2 a6 22.
Rd4 Qf6 23. a4 bxa4 24. Bxa4 Rb7 25. Bc6 Re7 26. Qxa6 Bc8 27. Qa4 Re2 28. Rf4 Bf5
29. Qd4 Rxb2 30. Bxd5 Rc2 31. g4 Qxd4 32. Rdxd4 Rxc3 33. gxf5 g5 34. f6+ Kf8 35.
Rg4 Rxh3 36. Bg2 Rd3 37. Rxd8+ Rxd8 38. Rxg5 Rd6 39. Rf5 h6 40. Kh2 Kg8 41. Bd5 Rd7
42. Kg3 Rd6 43. Kg4 Rd7 44. Kh5 Kh7 45. Be4 Kh8 46. Kxh6 Rd1 47. Rd5 Rxd5 48. Bxd5
Kg8 49. Bxf7+ Kxf7 50. Kg5 Kg8 51. Kg6 Kh8 52. Kf7  1-0

[Event "Summer Prague Open 2025 - A"]
[Site "Olympik hotel, Sokolovska 138, Praha"]
[Date "2025.08.12"]
[Round "5"]
[Board "25"]
[White "Starcevic, Danijel"]
[Black "Bruessow, Nina"]
[Result "1/2-1/2"]
[WhiteElo "2047"]
[BlackElo "1937"]
[PlyCount "0"]
[EventDate "2025.08.08"]
[EventRounds "9"]
[EventCountry "CZE"]

1. c4 e5 2. g3 Nf6 3. Bg2 d5 4. cxd5 Nxd5 5. Nf3 Nc6 6. O-O Be7 7. Nc3 Nb6 8. d3
O-O 9. Be3 Re8 10. Rc1 Bf8 11. Ne4 Nd4 12. Nc5 c6 13. Re1 h6 14. Bd2 Nd7 15. Nb3
Nf6 16. Bc3 Nxf3+ 17. Bxf3 Bh3 18. Na5 Qc7 19. Nc4 Bc5 20. b4 Bd4 21. Qb3 Ng4 22.
e3 Bxc3 23. Rxc3 Re6 24. Re2 Rd8 25. Nd2 Rf6 26. Bh1 Rfd6 27. Ne4 Re6 28. a4 Qb6
29. Rc5 a6 30. a5 Qc7 31. Qc3 Qd7 32. f3 Nf6 33. Nxf6+ Rxf6 34. Rd2 e4 35. d4 exf3
36. Rf2 Qg4 37. Qd3 h5 38. Re5 h4 39. Qe4 hxg3 40. Rxf3 gxh2+ 41. Kxh2 Rh6 42. Qf4
Bg2+ 43. Qxh6 gxh6 44. Bxg2 Kh8 45. Rxf7 Rg8 46. Rf2 Qg3+ 47. Kg1 Qg6 48. Ref5 h5
49. Rf6 Qg5 50. R6f5 Qg4 51. R5f4 Qg5 52. Kf1 Qb5+ 53. Kg1 Qxb4 54. Rf5 Qe1+ 55.
Kh2 Qxe3 56. Rxh5+ Kg7 57. Rf3 Qd2 58. Rh4 Rh8 59. Rg3+ Kf6  1/2-1/2

[Event "Summer Prague Open 2025 - A"]
[Site "Olympik hotel, Sokolovska 138, Praha"]
[Date "2025.08.12"]
[Round "5"]
[Board "26"]
[White "Amulya, Guruprasad"]
[Black "Mrazek, Adam"]
[Result "0-1"]
[WhiteElo "1887"]
[BlackElo "2043"]
[PlyCount "0"]
[EventDate "2025.08.08"]
[EventRounds "9"]
[EventCountry "CZE"]

1. e4 c5 2. Nf3 Nc6 3. d4 cxd4 4. Nxd4 Nf6 5. Nc3 e5 6. Ndb5 d6 7. Nd5 Nxd5 8. exd5
Nb8 9. c4 Be7 10. Bd3 O-O 11. O-O a6 12. Nc3 f5 13. f3 Nd7 14. a3 Kh8 15. b4 a5 16.
Rb1 f4 17. Ne4 Nf6 18. Qc2 axb4 19. axb4 Nxe4 20. Bxe4 Rf6 21. c5 Rh6 22. Rf2 Bh4
23. g3 fxg3 24. hxg3 Bxg3 25. Bxh6 Bxf2+ 26. Qxf2 gxh6 27. Qc2 Qg5+ 28. Kf2 Qh4+
29. Ke3 Qf4+ 30. Kd3 Bf5 31. Kc4 Bxe4 32. Qxe4 Qd2 33. Qd3 b5+ 34. Kxb5 Qxd3+ 35.
Kc6 Qxb1 36. b5 Ra5 37. Kd7 Qxb5+ 38. c6 Qxd5 39. c7 Qf7+ 40. Kxd6 Ra6+ 41. Kxe5
Re6+ 42. Kd5 Qd7+ 43. Kc5 Rc6+ 44. Kb5 Qxc7 45. f4 Qb7+ 46. Ka5 h5 47. f5 h4 48.
f6 h3 49. f7 Kg7 50. f8=N Kxf8  0-1

[Event "Summer Prague Open 2025 - A"]
[Site "Olympik hotel, Sokolovska 138, Praha"]
[Date "2025.08.12"]
[Round "5"]
[Board "27"]
[White "Grzesik, Norbert"]
[Black "Koridze, Lile"]
[Result "1/2-1/2"]
[WhiteElo "1958"]
[BlackElo "2110"]
[PlyCount "0"]
[EventDate "2025.08.08"]
[EventRounds "9"]
[EventCountry "CZE"]

1. e4 c5 2. Nf3 d6 3. Bb5+ Bd7 4. Bxd7+ Qxd7 5. c4 Nc6 6. Nc3 g6 7. d4 cxd4 8. Nxd4
Bg7 9. Be3 Nf6 10. f3 O-O 11. O-O e6 12. Qd2 Rfd8 13. Rfd1 d5 14. cxd5 exd5 15. Nxc6
bxc6 16. exd5 Nxd5 17. Nxd5 Qxd5 18. Qxd5 Rxd5 19. Rxd5  1/2-1/2

[Event "Summer Prague Open 2025 - A"]
[Site "Olympik hotel, Sokolovska 138, Praha"]
[Date "2025.08.13"]
[Round "6"]
[Board "1"]
[White "Botea, David-Alexandru"]
[Black "Prokofiev, Valentyn"]
[Result "1/2-1/2"]
[WhiteElo "2166"]
[BlackElo "2426"]
[PlyCount "0"]
[EventDate "2025.08.08"]
[EventRounds "9"]
[EventCountry "CZE"]

1. e4 c5 2. Nf3 Nc6 3. d4 cxd4 4. Nxd4 Qb6 5. Nb3 Nf6 6. Nc3 e6 7. Be3 Qc7 8. a3
a6 9. f4 d6 10. Be2 b5 11. Bf3 Bb7 12. O-O Be7 13. Qe2 O-O 14. Kh1 Rac8 15. Rfd1
Rfd8 16. Rac1 Nd7 17. Nb1 Nb6 18. N1d2 d5 19. Qf2 Na4 20. exd5 exd5 21. Rb1 b4 22.
axb4 Nxb4 23. Nd4 Nc5 24. Bg4 Ra8 25. c3 Nc6 26. Nf5 d4 27. cxd4 Nd3 28. Qg3 Ncb4
29. Bf3 g6 30. Nxe7+ Qxe7 31. Bxb7 Qxb7 32. Nc4  1/2-1/2

[Event "Summer Prague Open 2025 - A"]
[Site "Olympik hotel, Sokolovska 138, Praha"]
[Date "2025.08.13"]
[Round "6"]
[Board "2"]
[White "Horak, Martin"]
[Black "Stojanovic, Mihajlo"]
[Result "1/2-1/2"]
[WhiteElo "2348"]
[BlackElo "2397"]
[PlyCount "0"]
[EventDate "2025.08.08"]
[EventRounds "9"]
[EventCountry "CZE"]

1. e4 e6 2. d4 d5 3. Nc3 Nf6 4. exd5 exd5 5. Bg5 Be7 6. Qd2 O-O 7. O-O-O Nbd7 8.
Bd3 Re8 9. Re1 c6 10. Nf3 Nf8  1/2-1/2

[Event "Summer Prague Open 2025 - A"]
[Site "Olympik hotel, Sokolovska 138, Praha"]
[Date "2025.08.13"]
[Round "6"]
[Board "3"]
[White "Heinrich, John"]
[Black "Walek, Petr"]
[Result "1/2-1/2"]
[WhiteElo "2351"]
[BlackElo "2284"]
[PlyCount "0"]
[EventDate "2025.08.08"]
[EventRounds "9"]
[EventCountry "CZE"]

1. d4 Nf6 2. c4 e6 3. Nf3 d5 4. g3 Bb4+ 5. Bd2 Be7 6. Bg2 O-O 7. O-O Nbd7 8. Qc2
Ne4 9. Nc3 Nxd2 10. Nxd2 c6 11. e4 dxe4 12. Ndxe4 f5 13. Nd2 e5 14. Nb3 Bf6 15. Rad1
Qe8 16. d5 e4 17. f3  1/2-1/2

[Event "Summer Prague Open 2025 - A"]
[Site "Olympik hotel, Sokolovska 138, Praha"]
[Date "2025.08.13"]
[Round "6"]
[Board "4"]
[White "Jun, Rudolf"]
[Black "Wagner, Julian"]
[Result "1-0"]
[WhiteElo "2283"]
[BlackElo "2134"]
[PlyCount "0"]
[EventDate "2025.08.08"]
[EventRounds "9"]
[EventCountry "CZE"]

1. e4 c6 2. Nc3 d5 3. d3 Nf6 4. e5 Nfd7 5. Nf3 e6 6. g3 c5 7. Bg2 Nc6 8. Bf4 Be7
9. h4 b5 10. O-O b4 11. Ne2 Qc7 12. Re1 a5 13. c4 bxc3 14. Nxc3 Qb6 15. Rc1 O-O 16.
Na4 Qa7 17. h5 Rb8 18. b3 Ba6 19. Bf1 Rfc8 20. Be3 Nd4 21. Bd2 Bb5 22. Nc3 Bc6 23.
Bf4 a4 24. bxa4 Bxa4 25. Nxa4 Nxf3+ 26. Qxf3 Qxa4 27. h6 g5 28. Bd2 Qxa2 29. Bxg5
Bxg5 30. Qg4 Qd2 31. Rcd1 Rb4 32. Qh5 Bxh6 33. Rxd2 Bxd2 34. Re2 Bc3 35. Qg5+ Kf8
36. Bh3 Ra8 37. Kg2 Ke8 38. Qg8+ Nf8 39. Re3 Ra7 40. Bxe6  1-0

[Event "Summer Prague Open 2025 - A"]
[Site "Olympik hotel, Sokolovska 138, Praha"]
[Date "2025.08.13"]
[Round "6"]
[Board "5"]
[White "Glimbrant, Torbjorn"]
[Black "Domanskiy, Mykola"]
[Result "0-1"]
[WhiteElo "2039"]
[BlackElo "2166"]
[PlyCount "0"]
[EventDate "2025.08.08"]
[EventRounds "9"]
[EventCountry "CZE"]

1. Nf3 c5 2. c4 g6 3. g3 Bg7 4. Bg2 Nc6 5. Nc3 d6 6. O-O Rb8 7. a3 a6 8. Rb1 b5 9.
cxb5 axb5 10. b4 cxb4 11. axb4 Bf5 12. Nh4 Bd7 13. e3 Nf6 14. d4 Qb6 15. h3 O-O 16.
Nf3 Rfc8 17. Bd2 Bf5 18. Rb2 Bd3 19. Re1 Bc4 20. Bc1 d5 21. Nd2 e6 22. Nxc4 bxc4
23. b5 Na5 24. Na4 Qd8 25. Nc5 Nd7 26. Nxd7 Qxd7 27. e4 dxe4 28. Bf4 Rxb5 29. Qa4
Rd5 30. Qxd7 Rxd7 31. Bxe4 Bxd4 32. Rb5 Nb3 33. Kg2 Nc5 34. Bc2 Nd3 35. Bxd3 cxd3
36. Rd1 Bc3 37. Bd2 Bxd2 38. Rxd2 Rcd8 39. Kf3 Rd5 40. Rxd5 Rxd5 41. Ke3 Kf8 42.
Rxd3 Rxd3+ 43. Kxd3 Ke7 44. f4 Kf6 45. Ke4 g5 46. Kf3 h5 47. g4 hxg4+ 48. hxg4 Kg6
49. Ke3 gxf4+ 50. Kxf4 f6 51. Ke4 Kg5 52. Kf3 e5 53. Kg3 e4 54. Kh3 Kf4  0-1

[Event "Summer Prague Open 2025 - A"]
[Site "Olympik hotel, Sokolovska 138, Praha"]
[Date "2025.08.13"]
[Round "6"]
[Board "6"]
[White "Zvolensky, David"]
[Black "Hozda, Max"]
[Result "1/2-1/2"]
[WhiteElo "2154"]
[BlackElo "1963"]
[PlyCount "0"]
[EventDate "2025.08.08"]
[EventRounds "9"]
[EventCountry "CZE"]

1. e4 Nf6 2. e5 Nd5 3. d4 d6 4. c4 Nb6 5. exd6 cxd6 6. Nc3 g6 7. Be3 Bg7 8. Rc1 O-O
9. Nf3 Bg4 10. Be2 Nc6 11. b3 d5 12. c5 Nc8 13. b4 e6 14. b5 Na5 15. O-O Ne7 16.
h3 Bxf3 17. Bxf3 Nf5 18. Ne2 Nh4 19. Nf4 Nxf3+ 20. Qxf3 a6 21. Rb1 Qd7 22. a4 Nc4
23. Rb3 axb5 24. axb5 Ra3 25. Rfb1 Rxb3 26. Rxb3 Ra8 27. Nd3 Ra5 28. c6 Nxe3 29.
fxe3 bxc6 30. bxc6 Ra1+ 31. Kf2 Ra2+ 32. Kg1 Ra1+ 33. Kf2 Ra2+ 34. Kg1  1/2-1/2

[Event "Summer Prague Open 2025 - A"]
[Site "Olympik hotel, Sokolovska 138, Praha"]
[Date "2025.08.13"]
[Round "6"]
[Board "7"]
[White "Grochol, Kamil"]
[Black "Cuthbert, Michael"]
[Result "1-0"]
[WhiteElo "2150"]
[BlackElo "1901"]
[PlyCount "0"]
[EventDate "2025.08.08"]
[EventRounds "9"]
[EventCountry "CZE"]

1. d4 d5 2. c4 e6 3. Nf3 Nf6 4. Nc3 Be7 5. g3 O-O 6. Bg2 Nbd7 7. Qd3 b6 8. cxd5 Nxd5
9. Nxd5 exd5 10. O-O Bb7 11. Bf4 Bf6 12. Rac1 c5 13. Bh3 Re8 14. Qb5 Nb8 15. dxc5
Ba6 16. Qb3 bxc5 17. Rxc5 Bc4 18. Qa4 Na6 19. Rxc4 dxc4 20. Qxa6 Qd5 21. Bg2 Rac8
22. Ne5 Qe6 23. Qxe6 Rxe6 24. Bh3 Bxe5 25. Bxe6 Re8 26. Bxe5 Rxe6 27. Bc3  1-0

[Event "Summer Prague Open 2025 - A"]
[Site "Olympik hotel, Sokolovska 138, Praha"]
[Date "2025.08.13"]
[Round "6"]
[Board "8"]
[White "Rossi, Gabriele Valerio"]
[Black "Lalic, Bogdan"]
[Result "1/2-1/2"]
[WhiteElo "2071"]
[BlackElo "2317"]
[PlyCount "0"]
[EventDate "2025.08.08"]
[EventRounds "9"]
[EventCountry "CZE"]

1. Nf3 d5 2. b3 Bg4 3. Bb2 Nd7 4. g3 Bxf3 5. exf3 e6 6. Bg2 Ngf6 7. O-O g6 8. Re1
Bg7 9. d3 O-O 10. f4 Ne8 11. Qc1 Bxb2 12. Qxb2 Qf6 13. Qxf6 Nexf6 14. Nd2 a5 15.
d4 Rfd8 16. Bf1 c5 17. Nf3 Rac8 18. dxc5 Nxc5 19. Rac1 Nce4 20. c4 dxc4 21. Rxc4
Rxc4 22. Bxc4 Nc3 23. a4 Kf8 24. Rc1 Na2 25. Rc2 Nb4 26. Rc1 Na2 27. Rc2 Nb4 28.
Rd2 Rxd2 29. Nxd2 Nd7 30. Ne4 Ke7 31. Kg2 h6 32. h4 f5 33. Nd2 e5 34. fxe5 Nxe5 35.
Be2 g5 36. hxg5 hxg5 37. f4 gxf4 38. gxf4 Ned3 39. Kf3 Nc5 40. Bc4 Nc2 41. Bg8 Kf6
42. Bc4 Ke7 43. Bg8 Kf6 44. Bc4 Ke7 45. Bg8  1/2-1/2